| 000 | 00619nam a2200217 i 4500 | ||
|---|---|---|---|
| 001 | 57074 | ||
| 003 | ES-MaACL | ||
| 005 | 20250804051211.0 | ||
| 007 | t| | ||
| 008 | 031014s1969 sp ||||1| spa d | ||
| 080 | _a131.144 | ||
| 100 | 1 |
_aDomenach, J.-M. _9149881 |
|
| 245 | 1 | 0 |
_aDimensiones del personalismo / _cJean-Marie Domenach ; [versión de Enrique Molina]. |
| 250 | _a1ª ed. | ||
| 260 |
_aBarcelona : _bNova Terra, _c1969. |
||
| 300 |
_a384 p. ; _c19 cm. |
||
| 650 | 0 | 7 |
_aPersonalismo _2embne _915975 |
| 700 | 1 |
_aMolina Campos, Enrique. _981917 |
|
| 852 |
_aES-MaACL _jC-40210 |
||
| 999 |
_c57074 _d57074 |
||